Owain Glyndwr - Statistics

General Stats
  • This quiz has been taken 23 times
  • The average score is 3 of 7
Answer Stats
Hint Answer % Correct
He was the last person to hold the title ________ __ _____ Prince of Wales
72%
He rebelled against which king? Henry IV
56%
In which year did he die? 1415
39%
Which Englishman ended up fighting for him? Henry Hotspur
39%
When was he born? 1359
33%
Man who persuaded him into doing it Baron Grey de Ruthryn
6%
He was the Lord of _________ Glyndyfrdwy
6%
No matching quizzes found
Score Distribution
Percent of People with Each Score
Percentile by Number Answered
Your Score History
You have not taken this quiz